000 00653nam a2200229Ia 4500
003 OSt
005 20220926021124.0
006 a|||||r|||| 00| 0
007 ta
008 220923b |||||||| |||| 00| 0 eng d
037 _cGeneral Book
040 _aRTL
_cRTL
_beng
041 _2eng
_aeng
082 _aV1N45 , 93 : 8 . N50, J2/UN
110 _aUNITED NATIONS
245 0 _aTrusteeship council official record 7th session Annex .
260 _aNew York
_bU.N
_c1952
300 _aiv , 84p
_ccm.
700 _aUNITED NATIONS
942 _hV1N45 , 93 : 8 . N50, J2/UN
_cGB
_2CC
999 _c635851
_d635851